000 00369 a2200169 4500
001 182518
020 _a85-08-02765-6
040 _cMagnum
100 _aRubião, Murilo
240 1 0 _aA casa do girassol vermelho
_lpor
245 1 0 _aA casa do girassol vermelho
300 _a61
362 0 _a1993
440 1 _aÁtica
697 _aLITERATURA GERAL
942 _cBK
999 _c182518
_d182518